000 00753nam a22002177a 4500
005 20230831145137.0
008 100407t xxu||||| |||| 00| 0 eng d
010 _aENG-95979
020 _a9788131713594
_c525.00
035 _aEN-79512
037 _bDBAD/PUB
040 _aDPL
082 _a540
100 _aSinghal, Atul
_955695
245 _aThe Pearson guide to objective chemistry for the AIEEE/
_cby Atul Singhal
260 _aNew Delhi
_bDorling Kindersley (India) Pvt. Ltd. Licensees of Pearson Education
_c2010
270 _a14, Local Shopping Centre, Panchsheel Park
_bNew Delhi
_e110017
300 _aVarious pagings
_c28 cm. (Pbk)
942 _2ddc
_cEN
_mSIN
_h540
999 _c35116
_d35116